LEADER 01083nam a2200229 i 4500 001 000000143200 003 CaOOAMICUS 005 20050926000000.0 008 050926s1993 it u000 u ita u 013 $a118558 020 $a88-85985-57-2 040 $aSeMil$bita 245 12$aL'utopia dell'intendersi "Sinodo delle donne" :$batti del convegno 13-14 marzo 1993 Milano, Università Cattolica del S. Cuore /$c(a cura del) Gruppo Promozione Donna - Milano. 260 $aMilano :$bIn Dialogo,$cstampa 1993. 300 $a166 p. ;$c21 cm. 650 4$aDonna - Atti di congressi.$0(OLS)http://semarc/subject/12710 850 $aSeMil 852 $aSeMil$W1$xVenegono$y1$m189 29 *$j96327$B96327$CSeMilBibl$Z2$F103413 $81 961 $aLascito: Corradi mons. Enrico 996 $6020$a88-85985-57-2$9(OLS)http://semarc/number/131628 996 $6245$aL'utopia dell'intendersi "Sinodo delle donne" :$batti del convegno 13-14 marzo 1993 Milano, Università Cattolica del S. Cuore$9(OLS)http://semarc/title/209581 996 $6260$aMilano :$bIn Dialogo$9(OLS)http://semarc/publisher/31663 LEADER 00837nam a2200181 i 4500 001 000000056823 003 CaOOAMICUS 005 19970912000000.0 008 970912n it u000 u ita u 013 $a27995 040 $aSeMil$bita 100 1 $aMaulucci, Vincenzo.$0(OLS)http://semarc/name/28798 245 13$aLa santità eroica presso i cristiani non cattolici Roma :$bMiscellanea Francescana, 1968. ((Tesi di Laurea in Sacra Teologia. 650 4$aTesi di laurea.$0(OLS)http://semarc/subject/1690 650 4$aSantità.$0(OLS)http://semarc/subject/6015 850 $aSeMil 852 $aSeMil$W1$xVenegono$y1$m2I IV 522$j22977$B22977$CSeMilBibl$Z2$F22979 $81 996 $6245$aLa santità eroica presso i cristiani non cattolici Roma :$bMiscellanea Francescana, 1968. ((Tesi di Laurea in Sacra Teologia.$9(OLS)http://semarc/title/88389